Score 0/39 Timer 06:00
3 Plays Today
Clue 4-Letter Word % Correct
⋆ First name of a Flintstone ⋆⋆ FRED ⋆
99.1%
Fee for breaking the lawFINE
97.8%
Provide food for anotherFEED
97.7%
Johnny Cash famously walks thisLINE
97.4%
'Seek, and ye shall ____'FIND
97.3%
Reaction to a Facebook postLIKE
96.9%
Anakin's son, in Star WarsLUKE
96%
Place to insert a coinSLOT
95.4%
Increase in size or heightGROW
94.9%
Chimney residueSOOT
94.9%
Basketball score: ____ dunkSLAM
94.8%
Take care of oneselfFEND
94.6%
Bottom of one's footSOLE
94.5%
____ It Like BeckhamBEND
93.9%
____ Shady, alias of EminemSLIM
93.8%
Large boatSHIP
93.7%
Little ____ of HorrorsSHOP
93.7%
To lose traction; to slideSLIP
93.6%
The Beatles or The Byrds, e.g.BAND
93.5%
'All I Wanna Do' singer SherylCROW
93.4%
Clue 4-Letter Word % Correct
Pace for a slothSLOW
93.2%
Place to rest one's rearSEAT
93%
Standard karate moveCHOP
92.8%
Folded; no longer straightBENT
92.3%
Placed in the mailSENT
92.2%
Tired and achySORE
92.2%
Job of a Hogwarts hat?SORT
91.6%
Stitching for two pieces of fabricSEAM
91.1%
Netflix women's wrestling showGLOW
90.4%
Professional poetBARD
89.6%
North Carolina basketball schoolDUKE
87.6%
Grind with one's teethCHEW
86.5%
____ Yun-fat, Chinese actorCHOW
86.4%
⋆ Columbus MLS team name ⋆⋆ CREW ⋆
84.4%
Roseanne's last nameBARR
84.1%
'96 Presidential hopefulDOLE
83.7%
⋆ Teri ____, Oscar nominee for Tootsie ⋆⋆ GARR ⋆
69.3%
⋆ Fake made in hockey ⋆⋆ DEKE ⋆
63.1%
Proofreader's 'erase this'DELE
62.5%

Today's Daily Dose

You're not logged in!

Compare scores with friends on all Sporcle quizzes.
OR
Log In

Sporcle TV

Today on Sporcle TV


Watch our educational content, quiz creation guides, and fun videos on Sporcle TV.

Show Comments

Extras

Top Quizzes Today


Score Distribution

Paid Content

Your Account Isn't Verified!

In order to create a playlist on Sporcle, you need to verify the email address you used during registration. Go to your Sporcle Settings to finish the process.

Report this User

Report this user for behavior that violates our Community Guidelines.

Details: